| 000 | 01341cam a22002655a 4500 | ||
|---|---|---|---|
| 001 | L140811 | ||
| 002 | 16794 | ||
| 008 | 071016s2007 xxk f 001 0 eng u | ||
| 020 | _a9781405158244 | ||
| 035 | _a(Sirsi) u140811 | ||
| 041 | 0 | _aeng | |
| 050 | 0 | 4 |
_a658.404 $2 18 _a624.0684 $2 22 |
| 100 | 1 | _aWalker, Anthony | |
| 245 | 0 | 0 | _aProject management in construction |
| 250 | _a5th ed. | ||
| 260 |
_aOxford _bBlackwell _c2007 |
||
| 300 |
_avii, 315p. _c25cm. |
||
| 350 | _a29.99 | ||
| 505 | 2 | _aRelevance of organisation structure -- Evolution of project organisation -- Organisation and the construction process -- Systems thinking and construction project organisation -- The client -- The project team -- A model of the construction process -- Authority, power and politics -- Project leadership -- Organisation structure -- Analysis and design of project management structures | |
| 520 | _aExamines project management theory in the field of construction, including systems theory and transaction cost economics set within the context of organisation theory, and new developments such as chaos and complexity theory. Also considers the impact of sustainability on the project management process, the industry and its clients. | ||
| 590 | _aKA | ||
| 651 | 4 | _aInternational | |
| 690 |
_aProject management _96261 |
||
| 942 | _n0 | ||
| 999 |
_c107543 _d107543 |
||